[Event "Club Championships"]
[Site "Wellington Chess Club"]
[Date "2016.10.13"]
[Round "6"]
[White "Forster, Bill"]
[Black "Ker, Anthony"]
[Result "0-1"]
[WhiteElo "2066"]
[BlackElo "2461"]

1. e4 d6 2. d4 Nf6 3. Nc3 g6 4. f4 Bg7 5. Nf3 c5 6. Bb5+ Bd7 7. e5 Ng4 8. Bxd7+
Qxd7 9. h3 cxd4 10. Qxd4 Nc6 11. Qe4 Nh6 12. Be3 {After last week's disaster
against Scott, the least I could do was do a little preparation this week. I
studied this position for a while (Anthony tends to be easy to prepare for -
although he's hard to play!). I knew at this point the engine gives White a
comfortable plus, and that it doesn't think there are many good Black moves in
the lines ahead. All good news for me as the better prepared player. I had four
games to look at, four White wins actually although in each case White outrated
Black. I wonder if it's possible that in chess better players tend to win? Now
there's a funny thought. Anthony took some time to think here, and while he was
thinking I started wondering about the idea of putting the Queen on f5 - nobody
had done that in the games I looked at. } 12... Qf5 $6 { Seriously? Sometimes I
hate my life. Still I took comfort in that engine evaluation. Now if only I was
allowed to use my computer in these stupid games, life would be a lot fairer.}
13. Qa4 $1 {Woo hoo, I get one move right - the idea is that really the knight
wants f5, so let's try and keep the Queen there} 13... dxe5 14. fxe5 O-O {Now
Black is really threatening to capture on e5. What to do? I considered castling
both ways and also Qh4 as a way of keeping the pawn. The engine thinks one of
these is good, one is bad, and one is disastrous. } 15. O-O {Bad. A timid move
that relinquishes White's advantage. Permanently as it happens.}  (15. O-O-O $1
{Good. I remember rejecting this on the basis that opposite sides castling is
very tricky to judge if the centre is wide open. If the centre was locked I
would have taken this in a heartbeat since I already have an open file on the
kingside and the prospect of gaining more time by hitting the awkwardly placed
pieces Black pieces there. If It'd noticed } 15... Nxe5 16. Rd5 $1 {with strong
threats I may have had more courage} )  (15. Qh4 $2 {Disastrous. I spent quite
a bit of time on this. In these anti-Anthony crazy Pirc positions it seems some
prep is good enough to get an advantage and would be good enough to get a win
if only you could find the shot the computer reveals both players missed when
you're consoling yourself later after, inevitably, Anthony outplays you in the
complications. Qh4 looks like a shot, embarrassing the knight. But I couldn't
see anything really good after} 15... Qh5 $2 {which I thought was forced.}  (
15... Qxc2 $3 {Which I rejected is one of those amazing moves that makes chess
such a great game. The point is that Black can safely give up a piece since
White is suffering from a remarkable symmetrical embarrassment. Both knight
pawns are forked, and next move Black will take one of them in each case
forking a knight and a rook in the same way!} ) ) 15... Nxe5 16. Qh4 {I was
still relying on this idea} 16... Nxf3+ $2 {I thought this was forced}  (16...
Qh5 $4 17. Qxh5 gxh5 18. Nxe5 Bxe5 19. Bxh6 {wins} )  ( {But I missed} 16...
Qf6 $1 {Anthony saw it (he talked about it after the game but decided it was
too unclear - but it turns out it leads to a large Black advantage } ) 17. Rxf3
Qh5 18. Qxh5 {Played reluctantly, my chances of outplaying Anthony in the kind
of positions that arise are less than my chances of landing a lucky blow in a
wild position. But I couldn't see any other plausible follow-up}  ( {Only now
did I notice that} 18. Qxe7 $2 {which I had thought might be available is
strongly met by} 18... Nf5 $1) 18... gxh5 {I thought I might be a little
better. Stockfish says 0.00. The problem for White is that there is no way to
prevent Black getting the side-lined knight back into the game} 19. Ne4 {Hoping
to stir up mischief, but I am a tempo or two short} 19... e6 {Securing f5 for
the knight} 20. Bxh6 {Neither attempt to keep the Knight on f5 inspired
confidence}  (20. Ng3 $2 h4)  (20. Nd6 {and the knight is hardly stable here} )
20... Bxh6 21. Rd1 {I still thought I might be just a smidgeon better, but now
Stockfish is starting to change its mind and think Black has his nose in
front.} 21... Rad8 22. Rfd3 Rxd3 23. Rxd3 Rc8 24. c3 f5 {A nice little
manoeuvre that I didn't appreciate immediately} 25. Nf6+ Kf7 26. Nxh5 Ke7 {Of
course, at the cost of a pawn that was probably doomed in the long run anyway,
Anthony has centralised his king, controls the entry square for my rook and
sidelined my knight. The rest is carnage actually as I just can't compete skill
wise with the top players in these pure chess skill contests.} 27. Ng3 Rc6 {Now
I can't stop him weakening my pawns} 28. a4 {I wanted the stable a4,b3,c4
structure (all on White squares away from his bishop, base securely defended by
the rook on d3) but I can't achieve it.}  ( {if} 28. b3 b5 $1) 28... Rb6 29. b4
Ra6 30. a5 {Anthony was loving this, moving instantly despite having heaps of
time (unlike me of course). Notice how my pawns are all on Black squares now?}
30... Rd6 {Now I knew I was doomed, if I swap his king is coming into c4} 31.
Rxd6 ( {I did actually consider the much better} 31. Rf3 $1 {but rejected it
only because allowing his rook into my position looked hopeless and humiliating
- but interestingly the computer finds a way to fight.} 31... Rd2 32. Kf1 b6
33. axb6 axb6 34. Ne2 Kd6 35. Nd4 {and White is still twitching to say the
least} ) 31... Kxd6 {Stockfish is now saying -2, I knew my number was up} 32.
Kf1 Bd2 33. Ne2 Kd5 34. b5 e5 35. b6 a6 36. g4 fxg4 37. hxg4 Kc4 38. Kf2 Bxc3
0-1

[Event "Club Championships"]
[Site "Wellington Chess Club"]
[Date "2016.10.13"]
[Round "6"]
[White "Kibblewhite, Daniel"]
[Black "Proctor, Matthew"]
[Result "1-0"]
[WhiteElo "1418"]
[BlackElo "1369"]

1. e4 e5 2. Nf3 Nc6 3. Bc4 Bc5 4. O-O Nf6 5. Nc3 d6 6. d3 Bg4 7. h3 Bxf3 8.
Qxf3 Nd4 9. Qg3 g6 10. Bh6 Nxc2 11. Rac1 Nb4 $4 12. Qf3 d5 13. exd5 c6 14. dxc6
Nxc6 15. Bg7 Rf8 16. Qxf6 Qxf6 17. Bxf6 Be7 18. Bxe7 Kxe7 19. Rfe1 f6 20. Nd5+
Kd6 21. a3 Rab8 22. Nc3 a6 23. Bd5 Rf7 $4 24. Bxf7 1-0

[Event "Club Championships"]
[Site "Wellington Chess Club"]
[Date "2016.10.13"]
[Round "6"]
[White "Konakanchi, Karthik"]
[Black "Sknar, Andrew"]
[Result "1-0"]
[WhiteElo "1484"]
[BlackElo "1184"]

1. e4 e5 2. Nf3 Nc6 3. Bc4 h6 4. O-O Nf6 5. Nc3 Nd4 6. Nxe5 Ne6 7. d3 d6 8. Nf3
c5 9. d4 cxd4 10. Nxd4 Qb6 11. Nxe6 fxe6 12. b3 e5 13. Nd5 Qc5 14. Be3 Qc6 15.
a4 Nxd5 16. Bb5 Bd7 17. Bxc6 bxc6 18. exd5 Rc8 19. dxc6 Bxc6 20. Qh5+ Kd8 21.
Bg5+ Be7 22. Bxe7+ Kxe7 23. Rad1 Rcd8 24. Qg6 Rhg8 25. Rfe1 Be8 26. Qd3 Bh5 27.
f3 g5 28. Qh7+ Kf6 29. Rxd6+ Rxd6 30. Qxg8 Bf7 31. Qh8+ Ke7 32. Qxe5+ Re6 33.
Qc7+ Kf6 34. Rxe6+ Kxe6 35. Qxa7 1-0

[Event "Club Championships"]
[Site "Wellington Chess Club"]
[Date "2016.10.13"]
[Round "6"]
[White "Sellen, Ian"]
[Black "List, Robert"]
[Result "1-0"]
[WhiteElo "2064"]
[BlackElo "1794"]

1. c4 e5 2. Nc3 Nf6 3. Nf3 Nc6 4. g3 Bb4 5. Bg2 d6 6. O-O O-O 7. d3 Ne7 8. Bg5
Bxc3 9. bxc3 Nc6 10. Rb1 h6 11. Bxf6 Qxf6 12. Nd2 Rb8 13. Bxc6 bxc6 14. Rxb8
Bh3 15. Rxf8+ Kxf8 16. Re1 d5 17. Qb3 Qg5 18. Nf3 Qf5 19. Qb8+ Ke7 20. Qxc7+
1-0

[Event "Club Championships"]
[Site "Wellington Chess Club"]
[Date "2016.10.13"]
[Round "6"]
[White "Stracy, Don"]
[Black "Wight, Joshua"]
[Result "1-0"]
[WhiteElo "1748"]
[BlackElo "1622"]

1. e4 e5 2. Nf3 Nc6 3. Bb5 d6 4. O-O Bd7 5. c3 f5 6. exf5 Bxf5 7. d4 exd4 8.
Nxd4 Bd7 9. Re1+ Be7 10. Ne6 Bxe6 11. Rxe6 h6 12. Qh5+ Kf8 13. Qf3+ Bf6 14.
Bxc6 bxc6 15. Qxc6 Be5 16. Rg6 Ne7 17. Qf3+ Ke8 18. Rg4 Rf8 19. Qe2 Qd7 20. Nd2
g6 21. Nc4 Rf5 22. Nxe5 Rxe5 23. Re4 g5 24. Rxe5 dxe5 25. Be3 Nc6 26. Qh5+ 1-0

[Event "Club Championships"]
[Site "Wellington Chess Club"]
[Date "2016.10.13"]
[Round "6"]
[White "Timergazi, Layla"]
[Black "Nyberg, Michael"]
[Result "1-0"]
[WhiteElo "2105"]
[BlackElo "2085"]

1. d4 d5 2. c4 c6 3. Nc3 Nf6 4. e3 g6 5. Nf3 Nbd7 6. Be2 Bg7 7. O-O O-O 8. cxd5
cxd5 9. Bd2 a6 10. Qb3 Nb8 11. Na4 Nbd7 12. Rac1 b6 13. Qc2 Ra7 14. Bb4 Re8 15.
Ba3 Ne4 16. Bd3 b5 17. Nc5 Nexc5 18. Bxc5 Rc7 19. b4 e5 20. dxe5 Nxe5 21. Nxe5
Bxe5 22. Qb3 Qh4 23. f4 Bg7 24. a4 bxa4 25. Qxa4 Bd7 26. Qxa6 Qg4 27. b5 Bc8
28. Qa5 Rd7 29. b6 Bb7 30. h3 Qe6 31. f5 Qe5 32. Bd4 Qe7 33. f6 Bxf6 34. Rxf6
Rc8 35. Rxc8+ Bxc8 36. Qc5 Qd8 37. Bb5 Re7 38. Rd6 Qf8 39. Bf6 Rxe3 40. Rd8 1-0

[Event "Club Championships"]
[Site "Wellington Chess Club"]
[Date "2016.10.13"]
[Round "6"]
[White "Wilkins, Mark"]
[Black "Kulkarni, Yogesh"]
[Result "0-1"]
[WhiteElo "1969"]
[BlackElo "2036"]

1. d4 d5 2. c4 c6 3. Nc3 Nf6 4. Bg5 dxc4 5. Nf3 b5 6. e4 b4 7. Nb1 Nxe4 8. Bxc4
Nxg5 9. Nxg5 e6 10. Nf3 Ba6 11. Bxa6 Nxa6 12. O-O Bd6 13. Nbd2 O-O 14. Qa4 Nb8
15. Rac1 a5 16. Ne4 f6 17. Rfe1 Re8 18. Nc5 Bxc5 19. Rxc5 Ra6 20. a3 bxa3 21.
bxa3 Qb6 22. Rec1 Qb2 23. R5c2 Qb6 24. h4 Rd8 25. Re2 Rd6 26. Rce1 Qb5 27. Qc2
Qd5 28. Qb2 Nd7 29. Re3 Rb6 30. Qe2 c5 31. dxc5 Nxc5 32. Rc1 a4 33. Rc2 Rb1+
34. Kh2 Rb3 35. Rd2 Qc6 36. Nd4 Qc7 37. g3 Rxe3 38. Qxe3 Qd7 39. Nf3 Rxd2 40.
Nxd2 Qd5 41. Qf4 e5 42. Qc4 Qxc4 43. Nxc4 Kf7 44. Kg2 Ke6 45. Kf3 g6 46. Ke3 f5
47. f4 e4 48. Nb2 Kd5 49. Nd1 Kc4 50. Kd2 Kb3 51. Ne3 Kxa3 52. Kc3 Ka2 53. Kb4
Nd3+ 54. Kxa4 Kb2 55. h5 Kc3 56. hxg6 hxg6 57. Nd5+ Kd2 58. Kb3 e3 0-1

[Event "Club Championships"]
[Site "Wellington Chess Club"]
[Date "2016.10.13"]
[Round "6"]
[White "Zhao, Aiden"]
[Black "Konakanchi, Pramodh"]
[Result "1-0"]
[WhiteElo "1289"]
[BlackElo "1191"]

1. e4 e5 2. Nf3 Nc6 3. Bc4 h6 4. d4 exd4 5. Nxd4 Nxd4 6. Qxd4 Nf6 7. O-O b6 8.
Nc3 Bc5 9. Qd3 Bb7 10. Qf3 O-O 11. Qg3 Bd6 12. e5 Nh5 13. Qg4 Bxe5 14. Qxh5 Qf6
15. Qh3 Rae8 16. Bd2 Qg6 17. Bd3 Qc6 18. f3 Bd4+ 19. Kh1 Bxc3 20. Bxc3 Re3 21.
Qg3 f6 22. Qg6 f5 23. Qxg7# 1-0

[Event "Club Championships"]
[Site "Wellington Chess Club"]
[Date "2016.10.13"]
[Round "6"]
[White "Zhao, Jeffrey"]
[Black "Wevers, Alexis"]
[Result "0-1"]
[WhiteElo "980"]
[BlackElo "1472"]

1. e4 e6 2. Nf3 Nc6 3. Bb5 d5 4. d3 g6 5. Bxc6+ bxc6 6. exd5 cxd5 7. O-O Bg7 8.
Nc3 Ne7 9. Bg5 O-O 10. Bxe7 Qxe7 11. Qe1 Bb7 12. Ne5 c5 13. a3 Rab8 14. b4 Rfc8
15. bxc5 Rxc5 16. Qd2 Bxe5 17. Ne4 dxe4 18. dxe4 Bxe4 19. Qh6 Qf6 20. Rab1 Rxb1
21. Rxb1 Bf4 22. Qh3 Rxc2 23. g3 Rc3 24. Qg4 Bxb1 25. a4 Be3 26. fxe3 Rc1+ 27.
Kg2 Qf1# 0-1

[Event "Club Championships"]
[Site "Wellington Chess Club"]
[Date "2016.10.15"]
[Round "6"]
[White "Wastney, Scott"]
[Black "Pomeroy, Arthur"]
[Result "1-0"]
[WhiteElo "2448"]
[BlackElo "2134"]

{ B96: Sicilian Najdorf: 6 Bg5 e6 7 f4, lines other than 7...Qb6 and 7...Be7 }
1. e4 c5 2. Nf3 d6 3. d4 cxd4 4. Nxd4 Nf6 5. Nc3 a6 6. Bg5 e6 7. f4 Qc7 8. Bxf6
gxf6 9. Qf3 Nc6 { I was not expecting 6. Bg5 from Scott, so tried this line.
Neither of us plays entirely accurately in the opening.} 10. Nxc6 Qxc6 (10...
bxc6 11. Be2 $14) 11. f5 { White's plan is clear: put pressure on e6, force e5,
put N on d5, torture Black.} 11... Be7 12. Qh5 (12. O-O-O $5 $16) 12... Qc5 $14
13. Be2 Qe3 (13... exf5 14. exf5 Qxf5 15. Nd5 Qxh5 16. Bxh5 $11 { says the
computer. Looks absolutely horrible to me.} ) 14. Rf1 Qg5 15. h4 Qxh5 16. Bxh5
O-O 17. O-O-O Bd7 18. Bg4 Kg7 19. Rf2 Rfc8 20. Ne2 (20. fxe6 Bxe6 21. Bf5 Rc5
$14) 20... e5 21. Nc3 Bc6 22. Rfd2 b5 23. Be2 Rc7 24. a4 Rb8 (24... bxa4 $5 25.
Nd5 Rb7 $11) 25. axb5 $14 axb5 26. Nd5 Ra7 27. b4 Rba8 28. Rd3 Bf8 29. Kd2 Ra1
(29... Ra2 30. Rg3+ Kh8 31. Nxf6 $11) 30. g4 Rxd1+ 31. Bxd1 Ra2 32. Kc1 Ra4 33.
c3 Ra2 34. Bc2 Ra7 35. Kb2 Kh8 36. Rd1 Kg7 37. Rd2 Ra6 38. Bb3 Ra7 39. Rd1 Be7
(39... Ba8 $16) 40. Bc2 (40. Nxe7 $5 Rxe7 41. Rxd6 Bxe4 42. g5 $18 { As we were
both playing on increment, I can forgive Scott for not seeing this.} ) 40...
Bf8 $16 41. Rd2 Ra6 42. Bd1 Ra7 43. Be2 Ra6 44. Bd1 Ra7 45. Bf3 h6 46. Rd3 Ra4
47. Bd1 Ra7 48. Bb3 Ra6 (48... Be7 $5 $16) 49. Rd1 $18 { Position 1.} 49... Ra7
50. Rg1 (50. Ra1 Rxa1 51. Kxa1 Bxd5 52. Bxd5 Be7 $18 { is what should have
happened. Black needs to get his bishop around to the kingside and his king to
the queenside to try to draw 2 pawns down.} ) 50... Ra6 $2 (50... Be7 $14) 51.
Rd1 { Postion 2.} 51... Ra7 52. Rd3 Rb7 $2 53. Bd1 Ra7 54. Bf3 Rb7 $2 (54...
Ra4 55. h5 $16) 55. Rd2 Ra7 56. Kb3 Ra1 57. Bd1 Ra6 58. Kb2 Ra7 59. Bb3 Ra6 (
59... Be7 $16) 60. Rd1 { Position 3. Oh dear, this rule has robbed me of two
half points so far this championship!}  (60. c4 Ra7 61. cxb5 Bxb5 62. Nc3 $18)
60... Ra7 $18 61. h5 Be7 62. Rd2 (62. Nxe7 Rxe7 63. Bd5 Rc7 $18) 62... Kf8 {
Black finally cracks.}  (62... Bd8 $5 $14) 63. Nxf6 $1 $16 Bxf6 (63... Ba8 64.
Nd5 Bd8 $16) 64. Rxd6 $18 Bxe4 65. Rxf6 Bf3 $4 (65... Kg7 66. Rb6 Rb7 67. f6+
Kg8 $18) 66. Rxh6 Kg7 (66... Bxg4 67. f6 Ke8 68. Rh8+ Kd7 $18) 67. g5 (67. g5
Kg8 68. f6 $18) 1-0

[Event "Club Championships"]
[Site "Wellington Chess Club"]
[Date "2016.10.20"]
[Round "7"]
[White "Barraza, Jesse"]
[Black "Kulkarni, Yogesh"]
[Result "0-1"]
[WhiteElo "1957"]
[BlackElo "2036"]

1. Nf3 Nf6 2. d4 d5 3. Bf4 Bf5 4. Nc3 e6 5. e3 Bd6 6. Bxd6 cxd6 7. Nh4 Bg4 8.
Be2 Bxe2 9. Qxe2 a6 10. g3 Nc6 11. O-O O-O 12. Rad1 Qb6 13. Rd3 Nb4 14. Rd2
Rac8 15. f4 Nc6 16. g4 Qxb2 17. g5 Nd7 18. Nd1 Qb5 19. c3 Qc4 20. Qh5 f5 21.
Rf3 Ne7 22. Rh3 e5 23. Rg2 Qd3 24. Rhg3 g6 25. e4 Qxg3 0-1

[Event "Club Championships"]
[Site "Wellington Chess Club"]
[Date "2016.10.20"]
[Round "7"]
[White "Brockway, Andrew"]
[Black "Stone, Andrew"]
[Result "0-1"]
[WhiteElo "1801"]
[BlackElo "2047"]

1. e4 c5 2. Nc3 e6 3. f4 a6 4. Nf3 d5 5. d3 Nc6 6. g3 Nge7 7. Bg2 g6 8. O-O Bg7
9. e5 Nf5 10. Qe1 h5 11. h3 b5 12. Ne2 Bb7 13. Ng5 Qe7 14. Qf2 Nb4 15. Bd2 Rc8
16. Rfc1 Nd4 17. Bxb4 (17. Nxd4 cxd4 18. Bxb4 Qxb4 19. Rab1) 17... Nxe2+ 18.
Qxe2 cxb4 19. Nf3 Qc5+ 20. Qf2 Bf8 21. Nd4 a5 22. a4 bxa4 23. Rxa4 Bc6 24. Nxc6
Rxc6 25. d4 Qb6 26. Bf1 (26. Rca1 Be7 27. Rxa5) 26... Rc7 27. Rca1 Ra7 28. Kg2
Be7 29. b3 { (=) } 29... Kf8 30. Rd1 Kg7 31. Qe2 Rc8 32. Rd2 Rac7 33. Ra2 Bd8
34. Qb5 Rc3 35. Qxb6 Bxb6 36. Be2 h4 37. Bd3 Bxd4 38. Rxa5 hxg3 39. Kxg3 Rh8
40. Ra4 Bc5 41. Re2 Be7 42. Ra2 Rh5 43. Ra7 Bc5 44. Kg4 (44. Ra8) 44... Bxa7
0-1

[Event "Club Championships"]
[Site "Wellington Chess Club"]
[Date "2016.10.20"]
[Round "7"]
[White "Cunningham, Patrick"]
[Black "Day, Fabian"]
[Result "1/2-1/2"]
[WhiteElo "1652"]
[BlackElo "1605"]

1. d4 f5 2. Nf3 Nf6 3. c4 g6 4. Nc3 Bg7 5. Bg5 O-O 6. g3 d6 7. Bg2 Qe8 8. O-O
e5 9. dxe5 dxe5 10. Bxf6 Bxf6 11. Nd5 Qf7 12. Nxf6+ Qxf6 13. Qd5+ Kg7 14. Qxe5
Qxe5 15. Nxe5 Re8 16. f4 Nd7 17. Bxb7 Bxb7 18. Nxd7 Rxe2 19. Rf2 Rxf2 20. Kxf2
Rd8 21. Nc5 Rd2+ 22. Ke3 Rxb2 23. Ne6+ Kf6 24. Nxc7 Rxh2 25. Rb1 Be4 26. Rb8
Rxa2 27. Rf8+ Ke7 28. Rh8 h5 29. Kd4 Kd6 30. Nb5+ Kc6 31. Rc8+ Kb6 32. Rb8+ Ka6
33. Nc7+ Ka5 34. Kc5 a6 35. Rb6 Ka4 36. Rxa6+ Kb3 37. Rxa2 Kxa2 38. Ne6 Kb3 39.
Kd4 Kc2 40. Nf8 Kd2 41. Nxg6 Ke2 42. c5 Kf2 43. Ne7 Kxg3 44. Nd5 h4 45. c6 h3
46. c7 h2 47. c8=Q h1=Q 48. Qc3+ Qf3 49. Qxf3+ Kxf3 50. Ke5 Bxd5 51. Kxf5
1/2-1/2

[Event "Club Championships"]
[Site "Wellington Chess Club"]
[Date "2016.10.20"]
[Round "7"]
[White "Dive, Russell"]
[Black "Croad, Nicolas"]
[Result "1-0"]
[WhiteElo "2440"]
[BlackElo "2429"]

1. f4 c5 2. Nf3 g6 3. g3 Bg7 4. Bg2 Nc6 5. O-O e6 6. d3 Nge7 7. e4 O-O 8. Nbd2
d6 9. c3 Rb8 10. a4 a6 11. Nb3 b5 12. axb5 axb5 13. d4 b4 14. Be3 bxc3 15. bxc3
cxd4 16. cxd4 Nb4 17. Qd2 d5 18. e5 Nf5 19. Bf2 Ba6 20. Rfb1 Bd3 21. Rc1 Bc4
22. Nc5 h5 23. h3 Re8 24. g4 hxg4 25. hxg4 Nh6 26. Bh3 Bf8 27. f5 exf5 28. gxf5
Qc8 29. e6 gxf5 30. exf7+ Nxf7 31. Be3 Rb6 32. Kh1 Kh8 33. Rg1 Bh6 34. Ng5 Nxg5
35. Bxg5 Re2 36. Qf4 Nd3 37. Nxd3 Bxd3 38. Bxh6 Be4+ 39. Bg2 Qe8 40. Ra8 Rxg2
41. Rxe8+ Rg8+ 42. Rxe4 1-0

[Event "Club Championships"]
[Site "Wellington Chess Club"]
[Date "2016.10.20"]
[Round "7"]
[White "Farrington, Lawrence"]
[Black "Coghini, Phillip"]
[Result "1-0"]
[WhiteElo "1811"]
[BlackElo "1872"]

1. e4 e5 2. Nf3 Nc6 3. Nc3 Bc5 4. Nxe5 Bxf2+ 5. Kxf2 Nf6 6. Nf3 O-O 7. Bc4
Nxe4+ 8. Nxe4 d5 9. Bxd5 Qxd5 10. d3 Bg4 11. Be3 f5 12. Nc3 Qf7 13. Bc5 Rfe8
14. Qd2 b6 15. Ba3 Bxf3 16. gxf3 Qh5 17. Qf4 Ne5 18. h3 Rad8 19. Rag1 Rxd3 20.
Rg3 c5 21. Rhg1 g6 22. Ne2 Kf7 23. b3 Rd6 24. Bb2 Rde6 25. Bxe5 Rxe5 26. Qc4+
Kg7 27. Nf4 Qh6 28. Rg5 Qh4+ 29. R1g3 Re4 30. Nh5+ Kh6 31. fxe4 gxh5 32. Rxf5
Rxe4 33. Qd3 Rf4+ 34. Rxf4 Qxf4+ 35. Kg2 h4 36. Rg4 1-0

[Event "Club Championships"]
[Site "Wellington Chess Club"]
[Date "2016.10.20"]
[Round "7"]
[White "Ker, Anthony"]
[Black "Wastney, Scott"]
[Result "1/2-1/2"]
[WhiteElo "2461"]
[BlackElo "2448"]

1. e4 e5 2. Nf3 Nc6 3. d4 exd4 4. Nxd4 Nf6 5. Nxc6 bxc6 6. e5 Qe7 7. Qe2 Nd5 8.
c4 Nb6 9. Nc3 Qe6 10. Qe4 g6 11. Bd3 Bg7 12. Bf4 Ba6 13. b3 d5 14. Qe2 dxc4 15.
bxc4 Bxc4 16. O-O O-O 17. Rfe1 Bxd3 18. Qxd3 Nd5 19. Bg3 Nxc3 20. Qxc3 Rfd8 21.
Rec1 Rd5 22. f4 Rad8 23. Be1 c5 24. Rab1 Bf8 25. Qc4 Qg4 26. h3 Qf5 27. Bc3 Rd3
{Can't read the rest - draw in 42 moves} 1/2-1/2

[Event "Club Championships"]
[Site "Wellington Chess Club"]
[Date "2016.10.20"]
[Round "7"]
[White "Kibblewhite, Daniel"]
[Black "Asher, Bruce"]
[Result "1-0"]
[WhiteElo "1418"]
[BlackElo "1316"]

1. e4 e5 2. Nf3 Nc6 3. Bc4 Nf6 4. Ng5 d5 5. exd5 Nxd5 6. d4 Qe7 7. Bxd5 exd4+
8. Qe2 Ne5 9. O-O h6 10. Nf3 Nc6 11. Re1 Bf5 12. Bxc6+ bxc6 13. Nxd4 Bd7 14. b3
g5 15. Ba3 Qxe2 16. Rxe2+ Kd8 17. Bxf8 Rxf8 18. Nd2 c5 19. N4f3 Rb8 20. Rd1 Kc8
21. Ne4 Re8 22. Ree1 Bf5 23. Nxc5 Rd8 24. Rxd8+ Kxd8 25. Nd4 Bd7 26. Nxd7 Kxd7
27. Rd1 Re8 28. Nf5+ Kc8 29. Nxh6 f6 30. g3 Re2 31. Rc1 c6 32. Kf1 Rd2 33. Nf5
Kd7 34. h4 Rd5 35. g4 gxh4 36. Nxh4 Rd4 37. f3 Kd6 38. Nf5+ 1-0

[Event "Club Championships"]
[Site "Wellington Chess Club"]
[Date "2016.10.20"]
[Round "7"]
[White "Konakanchi, Karthik"]
[Black "Bennett, Ezra"]
[Result "1/2-1/2"]
[WhiteElo "1484"]
[BlackElo "1414"]

1. e4 e5 2. Nf3 Nc6 3. Bc4 Bc5 4. O-O Nf6 5. Nc3 O-O 6. d3 Na5 7. Nxe5 Nxc4 8.
Nxc4 d5 9. exd5 Nxd5 10. Bd2 b5 11. Nxb5 Rb8 12. Nc3 Nxc3 13. Bxc3 Qg5 14. Qf3
f6 15. Bd2 Qg6 16. Qd5+ Rf7 17. Qxc5 Bh3 18. Qd5 Rb5 19. Qf3 Rh5 20. Rfe1 Rf8
21. Na5 Rh4 22. Qd5+ Kh8 23. Qf3 Bxg2 24. Qxg2 Rg4 25. Qxg4 Qxg4+ 26. Kf1 h6
27. Re7 Rd8 28. Nc6 Rd5 29. Rae1 Qa4 30. Re8+ Kh7 31. Nb4 Re5 32. R8xe5 fxe5
33. Rxe5 a5 34. Nd5 Qxc2 35. Bc3 Qxd3+ 36. Kg1 Qg6+ 1/2-1/2

[Event "Club Championships"]
[Site "Wellington Chess Club"]
[Date "2016.10.20"]
[Round "7"]
[White "List, Robert"]
[Black "Wilkins, Mark"]
[Result "1-0"]
[WhiteElo "1794"]
[BlackElo "1969"]

1. e4 c6 2. d4 d5 3. e5 Bf5 4. Ne2 e6 5. Ng3 Bg6 6. h4 h6 7. h5 Bh7 8. Bd3 Bxd3
9. cxd3 Bb4+ 10. Bd2 Qb6 11. Qg4 Rh7 12. Nc3 Nd7 13. O-O O-O-O 14. a3 Be7 15.
b4 a6 16. Rfc1 Kb8 17. Rcb1 Rf8 18. Nf5 f6 19. Nxe7 Nxe7 20. Na4 Qd8 21. Qxe6
g6 22. Nc5 Nxc5 23. bxc5 fxe5 24. hxg6 Rg7 25. Qxe5+ 1-0

[Event "Club Championships"]
[Site "Wellington Chess Club"]
[Date "2016.10.20"]
[Round "7"]
[White "Nijman, Brian"]
[Black "Forster, Bill"]
[Result "1-0"]
[WhiteElo "2206"]
[BlackElo "2066"]

1. g3 d5 2. Nf3 Nf6 3. c4 d4 4. b4 Bg4 5. Bb2 Bxf3 6. exf3 g6 7. f4 Bg7 8. Bg2
c6 9. O-O O-O 10. Re1 Na6 11. a3 Qd7 12. d3 Rad8 13. Nd2 Nc7 14. Qe2 Rfe8 15.
Nf3 Ne6 16. Ne5 Qc8 17. h4 Nf8 18. Kh2 h5 19. Bh3 e6 20. a4 Ng4+ 21. Bxg4 hxg4
22. Qxg4 a5 23. Ba3 Nd7 24. Nxd7 Rxd7 25. Rab1 Qc7 26. h5 gxh5 27. Qxh5 b5 28.
axb5 cxb5 29. Qxb5 axb4 30. Bxb4 e5 31. Ba5 Qc8 32. fxe5 Re6 33. Qb8 1-0

[Event "Club Championships"]
[Site "Wellington Chess Club"]
[Date "2016.10.20"]
[Round "7"]
[White "Pomeroy, Arthur"]
[Black "Timergazi, Layla"]
[Result "0-1"]
[WhiteElo "2134"]
[BlackElo "2105"]

1. e4 c6 2. d4 d5 3. e5 c5 4. dxc5 e6 5. Nf3 Bxc5 6. Bd3 Nc6 7. a3 Nge7 8. b4
Bb6 9. O-O Ng6 10. Re1 Bd7 11. Nbd2 Ncxe5 12. Bxg6 Nxf3+ 13. Nxf3 hxg6 14. Qxd5
Bc6 15. Qxd8+ Rxd8 16. Bg5 f6 17. Be3 Bc7 18. Nd4 Bxh2+ 19. Kf1 Rxd4 $1 20.
Bxd4 Bb5+ 21. Re2 Be5 0-1